000 00395nam a2200145Ia 4500
008 210430s9999 xx 000 0 und d
020 _a0-7506-4790-6
082 _a672.2 C1721 C
100 _aJohn Campbell
_954127
245 _aCastings: The new metallurgy of cast metals /
_cJohn Campbell
250 _a2nd edition
260 _aNepal
_bElsevier
_c2005
300 _a335p
942 _cBK
_2ddc
999 _c564598
_d564598